Principles of electromechanical-energy conversion (Record no. 23169)

000 -LEADER
fixed length control field 00596nam a22002051 4500
001 - CONTROL NUMBER
control field 23169
003 - CONTROL NUMBER IDENTIFIER
control field BD-DhUET
008 - FIXED-LENGTH DATA ELEMENTS--GENERAL INFORMATION
fixed length control field 730301s1966 xx 000 0 eng
040 ## - CATALOGING SOURCE
Original cataloging agency DLC
Transcribing agency DLC
Modifying agency BD-DhUET
082 ## - DEWEY DECIMAL CLASSIFICATION NUMBER
Classification number 623.13
Item number MEI/1966
100 ## - MAIN ENTRY--PERSONAL NAME
Personal name Meisel, Jerome
245 10 - TITLE STATEMENT
Title Principles of electromechanical-energy conversion
250 ## - EDITION STATEMENT
Edition statement 1st ed.
260 ## - PUBLICATION, DISTRIBUTION, ETC. (IMPRINT)
Place of publication, distribution, etc. New York
Name of publisher, distributor, etc. McGraw-Hill
Date of publication, distribution, etc. 1966
300 ## - PHYSICAL DESCRIPTION
Extent xvii, 639p.
Other physical details ill.
490 ## - SERIES STATEMENT
Series statement McGraw-Hill electrical and electronic engineering series
504 ## - BIBLIOGRAPHY, ETC. NOTE
Bibliography, etc Includes bibliographies
650 #0 - SUBJECT ADDED ENTRY--TOPICAL TERM
Topical term or geographic name as entry element Mechinery: Electrical engineering
942 ## - ADDED ENTRY ELEMENTS (KOHA)
Koha item type General Book
Holdings
Koha normalized classification for sorting Price effective from Date acquired Not for loan Location (home branch) Withdrawn status Koha full call number Shelving location Sublocation or collection (holding branch) Koha item type Lost status Damaged status Piece designation (barcode) Copy number Source of classification or shelving scheme Koha date last seen
623_130000000000000_MEI_19682015-05-032015-05-03 Central Library, BUET 623.13/MEI/1968Circulation sectionCentral Library, BUETGeneral Book  118781 2015-05-03
623_130000000000000_MEI_19662015-05-032015-05-03 Central Library, BUET 623.13/MEI/1966Circulation sectionCentral Library, BUETGeneral Book  118772 2015-05-03
623_130000000000000_MEI_19662015-05-032015-05-03 Central Library, BUET 623.13/MEI/1966Circulation sectionCentral Library, BUETGeneral Book  118753 2015-05-03
623_130000000000000_MEI_19662015-05-032015-05-03 Central Library, BUET 623.13/MEI/1966Circulation sectionCentral Library, BUETGeneral Book  114384 2015-05-03
623_130000000000000_MEI_19662015-05-032015-05-03 Central Library, BUET 623.13/MEI/1966Circulation sectionCentral Library, BUETGeneral Book  118765 2015-05-03
623_130000000000000_MEI_19662015-05-032015-05-03 Central Library, BUET 623.13/MEI/1966Circulation sectionCentral Library, BUETGeneral Book  114376 2015-05-03
623_130000000000000_MEI_19662015-05-032015-05-03 Central Library, BUET 623.13/MEI/1966Circulation sectionCentral Library, BUETGeneral Book  118797 2015-05-03
623_130000000000000_MEI_19662015-05-032015-05-03 Central Library, BUET 623.13/MEI/1966Circulation sectionCentral Library, BUETGeneral Book  849298 2015-05-03
623_130000000000000_MEI_19662015-05-072015-05-07 Central Library, BUET 623.13/MEI/1966Circulation sectionCentral Library, BUETGeneral Book  155399 2015-05-07
623_130000000000000_MEI_19662015-07-122015-07-12 Central Library, BUET 623.13/MEI/1966Circulation sectionCentral Library, BUETGeneral Book  3925110 2015-07-12